Teoría del crecimiento económico (Registro nro. 5027)
[ vista simple ]
| 000 -LEADER | |
|---|---|
| fixed length control field | 01660 a2200217 4500 |
| 001 - CONTROL NUMBER | |
| control field | 52912 |
| 005 - DATE AND TIME OF LATEST TRANSACTION | |
| control field | 20260407155803.0 |
| 008 - FIXED-LENGTH DATA ELEMENTS--GENERAL INFORMATION | |
| fixed length control field | 260407a1973 arg spa d |
| 003 - CONTROL NUMBER IDENTIFIER | |
| control field | AR-UNSa-BCEJYS |
| 040 ## - CATALOGING SOURCE | |
| Original cataloging agency | AR-UNSa-BCEJYS |
| Language of cataloging | spa |
| Transcribing agency | AR-UNSa-BCEJYS |
| 080 ## - UNIVERSAL DECIMAL CLASSIFICATION NUMBER | |
| Universal Decimal Classification number | 330.35 |
| Common auxiliary subdivision | Crecimiento económico |
| 041 ## - LANGUAGE CODE | |
| Language code of text/sound track or separate title | spa |
| 100 1# - MAIN ENTRY--PERSONAL NAME | |
| Personal name | Morishima, Michio |
| 245 10 - TITLE STATEMENT | |
| Title | Teoría del crecimiento económico |
| 264 #1 - PRODUCTION, PUBLICATION, DISTRIBUTION, MANUFACTURE, AND COPYRIGHT NOTICE | |
| Place of production, publication, distribution, manufacture | Madrid : |
| Name of producer, publisher, distributor, manufacturer | Tecnos |
| Date of production, publication, distribution, manufacture, or copyright notice | 1973 |
| 300 ## - PHYSICAL DESCRIPTION | |
| Extent | 351 p. |
| Dimensions | 23 cm. |
| 505 ## - FORMATTED CONTENTS NOTE | |
| Formatted contents note | 1. El modelo de estirpe walrasiana del tamaño de una caja de cerillas - 2. La posibilidad de un equilibro persistente de crecimiento - 3. La vía neclásica hacia el equilibrio de crecimiento - 4. La inestabilidad harrodiana del "filo de la navaja" en una economía de "precios fijos" de tipo keynesiano - 5. Hacia modelos más desagregados - 6. Implicaciones económicas de la "revolución" - 7. Equilibrio de crecimiento(I)El radio Casell-Von Newman - 8. Equilibrio de crecimiento(II) Las trayectorias de Hicks-Malin-Vaud - 9. Equilibrio de crecimiento(III) Propiedades normativas - 10. Maximización del legado:El teorema del Turnpike - 11. Oscilaciones debidas a la elección del consumidor - 12. Funciones dinámicas de utilidad propuestas - 13. Consumo a lo largo de la senda: El segundo teorema del Turnpike - 14. Población flexible y ausencia de la pobeza Malthusiana - 15. Un enfoque alternativo:Reformulación del modelo y refinamientos - 16. Optimización simultánea de la población y del capital |
| 590 ## - LOCAL NOTE (RLIN) | |
| Local note | niveau_biblio:m niveau_hierar:0 |
| 856 41 - ELECTRONIC LOCATION AND ACCESS | |
| Uniform Resource Identifier | <a href="https://www.biblioeco.unsa.edu.ar/pmb/images/libros/L128340.jpg">https://www.biblioeco.unsa.edu.ar/pmb/images/libros/L128340.jpg</a> |
| Link text | Imagen de portada |
| Electronic format type | image/jpeg |
| 942 ## - ADDED ENTRY ELEMENTS (KOHA) | |
| Koha item type | |
| Withdrawn status | Lost status | Damaged status | Not for loan | Home library | Current library | Shelving location | Date acquired | Total checkouts | Full call number | Barcode | Date last seen | Price effective from | Koha item type |
|---|---|---|---|---|---|---|---|---|---|---|---|---|---|
| Biblioteca Prof. Eusebio Cleto del Rey | Biblioteca Prof. Eusebio Cleto del Rey | 07/04/2026 | 330.35 M861 | L128340 | 07/04/2026 | 07/04/2026 | Libro |